00563 2200193 4500001002100000005001500021035002000036245008500056100002700141300002600168260004100194082001200235084001800247020002200265600003100287990001700318990001700335990001700352INLIS00000000000111920250813080101 a0010-08250000301 aKhadijah binti Khuwailid Cinta Sejati Rasulullah /cSolihin Rosyidi ; penerjemah0 aYamani, Muhammad Abduh a232 hlm ;c16 X 25 cm aJakarta :bPustaka Al-Kautsar,c2024 a297.642 a297.642 YAM k a978-623-173-029-9 4aKhadijah Isteri Rasulullah a3752/PP/2025 a3753/PP/2025 a3754/PP/2025